000
00278nam a22001217a 4500
008
180208b xxu||||| |||| 00| 0 eng d
041
_a
eng
080
_a
32
100
_a
19
101
_a
POL
245
_a
United public policy a geographical view
_c
House,J.W
942
_2
udc
_c
BK
999
_c
42178
_d
42178